| 000 | 00948nam a2200241Ia 4500 | ||
|---|---|---|---|
| 003 | OSt | ||
| 005 | 20220918110837.0 | ||
| 006 | a|||||r|||| 00| 0 | ||
| 007 | ta | ||
| 008 | 220915b |||||||| |||| 00| 0 hin d | ||
| 024 | _a227383 | ||
| 037 | _cReference Collections | ||
| 040 |
_aARTS _cARTS _bhin |
||
| 041 |
_2hin _ahin |
||
| 082 | _aO152,6M89x, P2.1-.3(RR) | ||
| 100 |
_aकेजरीवाल, ओमप्रकाश, संपा. _99829 |
||
| 245 | 0 | _aआचार्य नरेन्द्र देव वाङ्मय | |
| 246 | _aĀchārya narendra dev vānmaya | ||
| 260 |
_aनई दिल्ली _bनेहरू स्मारक संग्रहालय एवं पुस्तकालय _c2002 |
||
| 300 | _a430पृ | ||
| 942 |
_hO152,6M89x, P2.1-.3(RR) _cREF |
||
| 999 |
_c115194 _d115194 |
||